| 000 | 00562nam a2200181 4500 | ||
|---|---|---|---|
| 005 | 20250213062519.0 | ||
| 008 | 171121b xxu||||| |||| 00| 0 eng d | ||
| 020 | _a0023846119 | ||
| 082 |
_21995 _aDC 658.8342 _bM87 |
||
| 100 |
_923576 _aMowen, John C., author. |
||
| 245 |
_aConsumer behavior/ _cJohn C. Mowen,. |
||
| 250 | _aFourth edition. | ||
| 260 |
_aEnglewood Cliffs, N.J. : _bPrentice-Hall, _c©1995 |
||
| 300 |
_axvii, [901 pages]: _bcolor illustrations; _c25 cm. |
||
| 500 | _aIncludes index. | ||
| 650 | 0 |
_aConsumer behavior. _923577 |
|
| 942 |
_2ddc _cDC |
||
| 999 |
_c7806 _d7806 |
||